|
|
|
|
| LEADER |
00000nam0a2200000 4500 |
| 001 |
151482 |
| 005 |
20231101221550.0 |
| 010 |
|
|
|a 9785947749441
|
| 035 |
|
|
|a (RuTPU)RU\TPU\book\164248
|
| 090 |
|
|
|a 151482
|
| 100 |
|
|
|a 20090123d2008 m y0rusy50 ca
|
| 101 |
0 |
|
|a rus
|
| 102 |
|
|
|a RU
|
| 105 |
|
|
|a a j 001zy
|
| 200 |
1 |
|
|a Управление внедрением информационных систем
|e учебник
|f В. И. Грекул, Г. Н. Денищенко, Н. Л. Коровкина
|
| 210 |
|
|
|a Москва
|c БИНОМ. Лаборатория знаний
|c Интернет-Университет информационных технологий
|d 2008
|
| 215 |
|
|
|a 224 с.
|c ил.
|
| 225 |
1 |
|
|a Основы информационных технологий
|
| 320 |
|
|
|a Библиогр.: с. 223.
|
| 330 |
|
|
|a В книге совместно рассматриваются рекомендации методологий внедрения информационных систем и стандартов управления проектами, что позволяет читателю сформировать целостное представление о методических основах выполнения специфических проектов — проектов внедрения информационных систем.
|
| 606 |
1 |
|
|a Информационные системы
|x Внедрение
|2 stltpush
|3 (RuTPU)RU\TPU\subj\67746
|9 83430
|
| 610 |
1 |
|
|a информационные технологии
|
| 610 |
1 |
|
|a MSF
|
| 610 |
1 |
|
|a Micrjsoft Solutions Framework
|
| 610 |
1 |
|
|a проекты
|
| 610 |
1 |
|
|a риски
|
| 610 |
1 |
|
|a качество
|
| 610 |
1 |
|
|a человеческие ресурсы
|
| 610 |
1 |
|
|a учебные пособия
|
| 675 |
|
|
|a 681.324.004(075.8)
|v 3
|
| 700 |
|
1 |
|a Грекул
|b В. И.
|g Владимир Иванович
|
| 701 |
|
1 |
|a Денищенко
|b Г. Н.
|g Галина Николаевна
|
| 701 |
|
1 |
|a Коровкина
|b Н. Л.
|g Нина Леонидовна
|
| 801 |
|
1 |
|a RU
|b 63413507
|c 20090123
|g PSBO
|
| 801 |
|
2 |
|a RU
|b 63413507
|c 20090327
|g PSBO
|
| 900 |
|
|
|a Информационные системы
|
| 942 |
|
|
|c BK
|
| 951 |
|
|
|b 080700
|
| 959 |
|
|
|a 4/20090113
|d 1
|e 220,00
|f ЧЗТЛ:1
|